000 00864 a2200253 4500
005 20260420150413.0
008 260420b |||||||| |||| 00| 0 eng d
020 _a978-1-041-20988-5 (hbk)
037 _cTB
040 _aCRL
_cCRL
041 _2eng
_aeng
084 _aW6:(X:77).2 R6
_qCRL
245 _aContradictions of democracy, development and inequality: a case of India
260 _aLondon:
_bRoutledge,
_c2026.
300 _a263p.
365 _b1295.00
_cINR
650 _aEquality- India
_91235187
650 _aIndia- Economic condition
_91235188
700 _aGupta, Sejuti Das
_eEd.
700 _aChakraborty, Shouvik
_eEd.
_91235189
700 _aBanerjee, Taposik
_eEd.
_91235190
942 _cTB
_2CC
_hW6:(X:77).2 R6
999 _c1679567
_d1679567